| 000 | 00577 a2200217 4500 | ||
|---|---|---|---|
| 001 | 22112 | ||
| 999 |
_c22112 _d6815 |
||
| 003 | TR-AnTOB | ||
| 005 | 20230330000859.0 | ||
| 008 | 041225s1999 tu tur | ||
| 020 | _a9751611989 | ||
| 035 | _a22112 | ||
| 041 | _atur | ||
| 050 |
_aDR593 _b.T873 1999 |
||
| 090 | _aDR593 .T873 1999 | ||
| 245 | 0 |
_aTürkiye Cumhuriyeti el kitabı: (Azerbaycan Türkçesi) / _chaz. Nadir Devlet, A. Gün Soysal. |
|
| 264 | 1 |
_aAnkara : _bAtatürk Araştırma Merkezi, _c1999 |
|
| 300 |
_a86 p. ; _c19 cm. |
||
| 651 | 0 |
_aTürkiye _xTarih _9120729 |
|
| 902 | _a0009978 | ||
| 942 | _cBK | ||